| 000 | 00764cam a22002533a 4500 | ||
|---|---|---|---|
| 001 | 13047 | ||
| 003 | PGUSA | ||
| 005 | 20140828083300.0 | ||
| 008 | 040729s2004||||xxu|||||s|||||000 | eng d | ||
| 040 |
_aPGUSA _beng |
||
| 042 | _adc | ||
| 050 | 4 | _aE300 | |
| 100 | 1 |
_aLodge, Henry Cabot, _d1850-1924 |
|
| 245 | 1 | 0 |
_aDaniel Webster _h[electronic resource] / _cHenry Cabot Lodge |
| 260 |
_bProject Gutenberg, _c2004 |
||
| 506 | _aPublic domain in the USA. | ||
| 516 | _aElectronic text | ||
| 653 | _aLegislators -- United States -- Biography | ||
| 653 | _aWebster, Daniel, 1782-1852 | ||
| 653 | _aUnited States -- Politics and government -- 1815-1861 | ||
| 830 | 0 |
_aProject Gutenberg _v13047 |
|
| 856 | 4 | 0 | _uhttp://www.gutenberg.org/ebooks/13047 |
| 942 | _cEB | ||
| 999 |
_c242302 _d242302 |
||